[Event "RUS-ch Men Blitz 2019"]
[Site "Sochi"]
[Date "2019.10.17"]
[Round "5.27"]
[White "Belyakov, Bogdan"]
[Black "Nezamyatin, Ruslan"]
[Result "1-0"]
[WhiteElo "2495"]
[BlackElo "2070"]
[Annotator "TA"]
[PlyCount "125"]
[EventDate "2019.10.17"]
[EventType "swiss"]
[EventCountry "RUS"]
[SourceTitle "playchess.com"]
[Source "ChessBase"]
[SourceQuality "1"]

{[%evp 10,124,8,7,52,18,58,58,57,0,0,-214,-218,-217,-38,-170,-178,-164,-168,-225,-206,-223,-199,-208,-210,-200,-149,-151,-154,-164,-150,-194,-166,-187,-171,-210,-178,-460,-182,-178,-171,-178,-177,-185,-183,-183,-138,-162,-151,-142,-53,-47,251,-83,-65,-73,-83,-110,-126,-133,-96,-1595,-260,-12834,-12834,-5690,0,-12823,0,-1572,0,-178,-158,-166,-186,-1087,-899,-29993,0,0,313,266,263,74,168,71,105,108,1386,1302,2044,934,12844,0,0,0,0,0,0,0,12844,12844,12845,12840,12840,12840,12841,8697,12845,12843,12848,1291,862,0,12848,12848,29999]} 1. e4 d5 2. exd5 Nf6 3. c4 e6 4. d4 exd5 5. Nc3 Be7 6. Nf3 Bg4 {C01: French: Exchange Variation} (6... O-O 7. Be2 dxc4 8. Bxc4 Nbd7 9. O-O Nb6 10. Bb3 Nfd5 11. Re1 c6 12. Ne5 Re8 13. Ne4 Be6 14. Bd2 Nc7 15. Nc5 Bxc5 16. dxc5 {½-½ (27) Miezis,N (2495)-Alekseev,E (2645) Riga 2019}) 7. h3 Bh5 8. g4 Bg6 {White is slightly better.} 9. Qb3 $146 (9. g5 $14 Ne4 10. Nxd5) ({Predecessor:} 9. Ne5 c6 10. cxd5 Nxd5 11. Bg2 Nxc3 12. bxc3 Nd7 13. Bf4 Nxe5 14. Bxe5 {0-1 (69) Pagnoncelli,M (2082)-Malloni,M (2266) Internet FICS 2000}) 9... Nc6 $11 {[%cal Bb8c6,Bc6b4,Bb4c2][%mdl 32] Strongly threatening ...Nb4.} 10. cxd5 $2 ({But not} 10. Qxb7 Nb4 $17) (10. c5 $11 Rb8 11. Be3) 10... Nb4 $19 {...Nc2+ is the strong threat.} 11. Qa4+ Nd7 $2 (11... Kf8 $19 12. Bg2 Nc2+ 13. Ke2 Nxa1) 12. Be3 ({Better is} 12. Bb5 $1 $15) 12... Nc2+ {[%mdl 64] Double Attack} 13. Kd2 Nxa1 14. Bd3 (14. Bb5 {keeps fighting.}) 14... Bxd3 15. Kxd3 O-O 16. Rxa1 Nb6 17. Qb3 c6 18. dxc6 bxc6 19. Ke2 Nd5 20. Rc1 Rb8 21. Qc2 Qb6 22. b3 Ba3 23. Rd1 $2 (23. Nxd5 {is the only way for White.} cxd5 24. Rd1) 23... Rfe8 $2 (23... Qa6+ 24. Rd3 Nb4 {[%mdl 64] Double Attack, Pin}) 24. Nxd5 cxd5 25. Kf1 Qf6 26. Kg2 Rbc8 27. Qd3 h6 28. Qb5 Qe6 29. Re1 Qd6 {[#]} (29... Qc6 $1 $17 {[%cal Rc6b5]} 30. Qa5 Bd6) 30. Bf4 $1 $15 {[%mdl 512]} Qd8 $2 {[%mdl 8192] [#]} (30... Qf8 $1 $15 {stays ahead.} 31. Qxd5 Rc2) (30... Qxf4 31. Rxe8+) 31. Rxe8+ $2 (31. Bc7 $1 $18 {[%cal Rc7d8][%mdl 512]} Qxc7 (31... Rxc7 32. Rxe8+) 32. Rxe8+ Rxe8 33. Qxe8+ Kh7 34. Qa8) 31... Qxe8 $17 32. Qxd5 Rc2 33. Qa5 {[#]} Qe2 $1 {[%mdl 512]} 34. Bg3 Rc1 35. Nh2 $2 {[%mdl 8192]} (35. Bf4 $17 Rc2 36. Nd2) 35... Bf8 $2 $40 {[%mdl 128] Black attacks with force.} (35... Qd1 {[%csl Gc1][%cal Rd1h1]} 36. Qd8+ Kh7) 36. Qxa7 $2 (36. h4) 36... Qe4+ $19 37. Nf3 Qe2 (37... Rc3 $142 38. Kg1 Qxf3) 38. Nh2 $1 Qe4+ (38... Qd1 $142 39. h4 Qh1+ 40. Kh3 Rg1) 39. Nf3 Qe2 $2 (39... Rc3 $19 40. Kg1 Qxf3) 40. Bf4 $2 {[#]} (40. Nh2 $1 $11 {and White stays safe.} Qe4+) 40... Qf1+ $1 {[%mdl 1024] Black has strong compensation.} 41. Kg3 Rc2 {[%csl Gc2][%cal Rf1f2]} 42. d5 $2 (42. Be3) 42... Rc3 {( -> ...Qg1+)} 43. Qb8 Qe2 $2 (43... Qg1+ $1 {mates} 44. Kh4 Qxf2+ {[%mdl 64] Double Attack} 45. Bg3 Rxf3 46. g5 Qd4+ {[%mdl 64] Double Attack} 47. Bf4 Rxf4+ 48. Qxf4 Qxf4+ 49. Kh5 Qxg5#) 44. Be3 $1 $11 Rxe3 $4 {[%mdl 8192]} (44... Qd1 $11) 45. fxe3 $18 Qxe3 46. b4 $2 (46. a4 $18 {is more deadly.}) 46... Qe4 {[#]} (46... Qd3 $16) 47. b5 (47. d6 $1 $18 {[%cal Rd6d7] has better winning chances.} Qd3 48. b5) 47... h5 $16 48. gxh5 {Threatens to win with b6.} Qe7 $2 {[%mdl 8192]} (48... Qxd5 $16 49. Qe8 Qxa2) 49. b6 $18 Kh7 50. b7 Qc5 51. Kg2 $2 ({White should try} 51. Qe5 $18 Bd6 52. Ng5+ {[%mdl 64] Double Attack} Kg8 53. b8=Q+ {[%mdl 64] X-Ray Attack} Bxb8 54. Qxb8+ Qf8 55. Qxf8+ Kxf8 56. d6) 51... Qc2+ $1 $11 52. Kf1 ({Not} 52. Kg3 Qc5 $18) 52... Qd3+ 53. Kg2 Qc2+ $1 54. Kg3 Qc5 $1 {White must now prevent ...Bd6+.} 55. Qf4 Bd6 56. b8=Q {Intending Ng5+ and mate.} Bxb8 57. Qxb8 {Threatening mate with Ng5+.} Qxd5 58. a4 Qxh5 59. Qf4 Qg6+ 60. Qg4 {Qxg6+ would kill now.} Qd6+ 61. Qf4 Qg6+ $1 62. Ng5+ {[%mdl 64] Double Attack} Kg8 63. Qb8# {Accuracy: White = 34%, Black = 35%.} 1-0

[Event "RUS-ch Men Blitz 2019"]
[Site "Sochi"]
[Date "2019.10.17"]
[Round "5.28"]
[White "Glek, Igor"]
[Black "Kryzhanovskiy, Mikhail"]
[Result "1/2-1/2"]
[WhiteElo "2467"]
[BlackElo "2064"]
[Annotator "ChessBase"]
[PlyCount "65"]
[EventDate "2019.10.17"]
[EventType "swiss"]
[EventCountry "RUS"]
[SourceTitle "playchess.com"]
[Source "ChessBase"]
[SourceQuality "1"]
[TimeControl "180+2"]

1. e4 {[%emt 0:00:00]} c5 {[%emt 0:00:00]} 2. Nf3 {[%emt 0:00:00]} e6 {[%emt 0:00:00]} 3. Nc3 {[%emt 0:00:01]} a6 {[%emt 0:00:02]} 4. g3 {[%emt 0:00:01]} Nc6 {[%emt 0:00:03]} 5. Bg2 {[%emt 0:00:02]} d6 {[%emt 0:00:03]} 6. O-O {[%emt 0:00:02]} Nf6 {[%emt 0:00:01]} 7. d3 {[%emt 0:00:05]} Be7 {[%emt 0:00:02]} 8. Ng5 {[%emt 0:00:01]} h6 {[%emt 0:00:07]} 9. Nh3 {[%emt 0:00:01]} Qc7 {[%emt 0:00:08]} 10. f4 {[%emt 0:00:01]} Bd7 {[%emt 0:00:10]} 11. Kh1 {[%emt 0:00:08]} Nd4 {[%emt 0:00:10]} 12. Nb1 {[%emt 0:00:09]} Bc6 {[%emt 0:00:16]} 13. a4 {[%emt 0:00:14]} Bd7 {[%emt 0:00:41]} 14. Nd2 {[%emt 0:00:07]} Rb8 {[%emt 0:00:20]} 15. c3 {[%emt 0:00:12]} Nc6 {[%emt 0:00:02]} 16. Nc4 {[%emt 0:00:06]} b5 {[%emt 0:00:07]} 17. axb5 {[%emt 0:00:02]} axb5 {[%emt 0:00:01]} 18. Ne3 {[%emt 0:00:00]} b4 {[%emt 0:00:05]} 19. d4 {[%emt 0:00:11]} bxc3 {[%emt 0:00:05]} 20. bxc3 {[%emt 0:00:02]} cxd4 {[%emt 0:00:04]} 21. cxd4 {[%emt 0:00:01]} O-O {[%emt 0:00:03]} 22. e5 {[%emt 0:00:26]} Nh7 {[%emt 0:00:13]} 23. d5 {[%emt 0:00:09]} Nb4 {[%emt 0:00:10]} 24. dxe6 {[%emt 0:00:15]} Bxe6 {[%emt 0:00:08]} 25. f5 {[%emt 0:00:03]} Bd7 {[%emt 0:00:09]} 26. f6 {[%emt 0:00:05]} gxf6 {[%emt 0:00:03]} 27. exd6 {[%emt 0:00:10]} Qxd6 {[%emt 0:00:10]} 28. Qh5 {[%emt 0:00:17]} Rb5 {[%emt 0:00:22]} 29. Qxh6 {[%emt 0:00:10]} Bc6 {[%emt 0:00:03]} 30. Rf4 {[%emt 0:00:30]} Bxg2+ {[%emt 0:00:02]} 31. Kxg2 {[%emt 0:00:02]} Nd3 {[%emt 0:00:06]} 32. Rh4 {[%emt 0:00:06]} Qc6+ 33. Kg1 1/2-1/2

[Event "RUS-ch Men Blitz 2019"]
[Site "Sochi"]
[Date "2019.10.20"]
[Round "5.28"]
[White "Chizhikov, Vladislav"]
[Black "Kurbedinov, Ramis"]
[Result "1/2-1/2"]
[WhiteElo "2273"]
[BlackElo "2305"]
[Annotator "NA"]
[PlyCount "49"]
[EventDate "2019.10.17"]
[EventType "swiss"]
[EventCountry "RUS"]
[SourceTitle "playchess.com"]
[Source "ChessBase"]
[SourceQuality "1"]
[TimeControl "180+2"]

1. e4 {[%emt 0:00:00]} e5 {[%emt 0:00:00]} 2. Nf3 {[%emt 0:00:01]} Nc6 {[%emt 0:00:00]} 3. Bc4 {[%emt 0:00:00]} Nf6 {[%emt 0:00:01]} 4. O-O {[%emt 0:00:02]} Nxe4 {[%emt 0:00:06]} 5. Nc3 {[%emt 0:00:01]} Nxc3 {[%emt 0:00:06]} 6. dxc3 {[%emt 0:00:02]} Be7 {[%emt 0:00:01]} 7. Qd5 {[%emt 0:00:06]} O-O {[%emt 0:00:07]} 8. Nxe5 {[%emt 0:00:01]} Nxe5 {[%emt 0:00:03]} 9. Qxe5 {[%emt 0:00:01]} Bf6 {[%emt 0:00:06]} 10. Qg3 {[%emt 0:00:02]} d5 {[%emt 0:00:03]} 11. Bd3 {[%emt 0:00:02]} Be6 {[%emt 0:00:13]} 12. Bf4 {[%emt 0:00:01]} c5 {[%emt 0:00:13]} 13. Rfe1 {[%emt 0:00:05]} c4 {[%emt 0:00:06]} 14. Bf1 {[%emt 0:00:02]} Qb6 {[%emt 0:00:10]} 15. Rab1 {[%emt 0:00:06]} Bf5 {[%emt 0:00:02]} 16. Rec1 {[%emt 0:00:32]} Rfe8 {[%emt 0:00:04]} 17. b3 {[%emt 0:00:11]} Qc6 {[%emt 0:00:18]} 18. bxc4 {[%emt 0:00:14]} dxc4 {[%emt 0:00:01]} 19. Rb4 {[%emt 0:00:02]} b5 {[%emt 0:00:07]} 20. a4 {[%emt 0:00:01]} a6 {[%emt 0:00:12]} 21. Bg5 {[%emt 0:00:10]} Be5 {[%emt 0:00:18]} 22. Bf4 {[%emt 0:00:04]} Bf6 {[%emt 0:00:04]} 23. Bg5 {[%emt 0:00:05]} Be5 {[%emt 0:00:05]} 24. Bf4 {[%emt 0:00:08]} Bf6 {[%emt 0:00:01]} 25. Bg5 {[%emt 0:00:01]} 1/2-1/2

[Event "RUS-ch Men Blitz 2019"]
[Site "Sochi"]
[Date "2019.10.17"]
[Round "5.29"]
[White "Yeritsyan, Aram"]
[Black "Savchenko, Boris"]
[Result "1-0"]
[WhiteElo "2271"]
[BlackElo "2581"]
[Annotator "RC"]
[PlyCount "67"]
[EventDate "2019.10.17"]
[EventType "swiss"]
[EventCountry "RUS"]
[SourceTitle "playchess.com"]
[Source "ChessBase"]
[SourceQuality "1"]
[TimeControl "180+2"]

1. e4 {[%emt 0:00:00]} c5 {[%emt 0:00:00]} 2. Nf3 e6 3. d4 {[%emt 0:00:02]} cxd4 {[%emt 0:00:01]} 4. Nxd4 {[%emt 0:00:01]} Nf6 {[%emt 0:00:01]} 5. Nc3 {[%emt 0:00:00]} d6 {[%emt 0:00:00]} 6. g4 {[%emt 0:00:05]} h6 {[%emt 0:00:02]} 7. h4 {[%emt 0:00:02]} a6 {[%emt 0:00:02]} 8. Rg1 {[%emt 0:00:02]} h5 {[%emt 0:00:05]} 9. gxh5 {[%emt 0:00:15]} Rxh5 {[%emt 0:00:02]} 10. Bg5 {[%emt 0:00:30]} Rh7 {[%emt 0:00:28]} 11. Qd2 {[%emt 0:00:06]} b5 {[%emt 0:00:07]} 12. a3 {[%emt 0:00:08]} Nbd7 {[%emt 0:00:02]} 13. O-O-O {[%emt 0:00:03]} Qc7 {[%emt 0:00:02]} 14. f4 {[%emt 0:00:15]} Bb7 {[%emt 0:00:05]} 15. Bg2 {[%emt 0:00:08]} Rc8 {[%emt 0:00:09]} 16. Rge1 {[%emt 0:00:29]} Nb6 {[%emt 0:00:15]} 17. e5 {[%emt 0:00:32]} dxe5 {[%emt 0:00:04]} 18. fxe5 {[%emt 0:00:01]} Nfd7 {[%emt 0:00:31]} 19. Bxb7 {[%emt 0:00:23]} Qxb7 {[%emt 0:00:01]} 20. Qd3 {[%emt 0:00:09]} g6 {[%emt 0:00:06]} 21. Nxe6 {[%emt 0:00:10]} Rxc3 {[%emt 0:00:19]} 22. bxc3 {[%emt 0:00:06]} Bxa3+ {[%emt 0:00:01]} 23. Kb1 {[%emt 0:00:02]} fxe6 {[%emt 0:00:02]} 24. Qxg6+ {[%emt 0:00:05]} Rf7 {[%emt 0:00:01]} 25. Qxe6+ {[%emt 0:00:04]} Be7 {[%emt 0:00:06]} 26. Rf1 {[%emt 0:00:03]} Nxe5 {[%emt 0:00:17]} 27. Qxe5 {[%emt 0:00:02]} Nc4 {[%emt 0:00:17]} 28. Qh8+ {[%emt 0:00:01]} Rf8 {[%emt 0:00:01]} 29. Rxf8+ {[%emt 0:00:03]} Bxf8 {[%emt 0:00:00]} 30. Rd8+ {[%emt 0:00:01]} Kf7 {[%emt 0:00:01]} 31. Rxf8+ {[%emt 0:00:02]} Ke6 {[%emt 0:00:01]} 32. Qf6+ {[%emt 0:00:04]} Kd5 {[%emt 0:00:00]} 33. Rd8+ {[%emt 0:00:02]} Ke4 {[%emt 0:00:01]} 34. Qf4# {[%emt 0:00:01]} 1-0

[Event "RUS-ch Men Blitz 2019"]
[Site "Sochi"]
[Date "2019.10.17"]
[Round "5.30"]
[White "Zakhartsov, Vladimir"]
[Black "Shcherbin, Matvei"]
[Result "1-0"]
[WhiteElo "2514"]
[BlackElo "2366"]
[Annotator "TA"]
[PlyCount "131"]
[EventDate "2019.10.17"]
[EventType "swiss"]
[EventCountry "RUS"]
[SourceTitle "playchess.com"]
[Source "ChessBase"]
[SourceQuality "1"]

{[%evp 19,131,0,0,-9,0,0,0,-3,0,0,19,-14,-18,-29,-2,-11,0,-2,21,1,7,0,0,-2,0,0,-4,-18,-4,-24,-13,-43,7,0,0,1,5,-13,0,-66,-63,-64,-58,-87,-20,-11,107,122,129,130,111,75,76,76,76,76,76,76,76,76,76,76,76,76,102,76,102,102,134,83,330,225,369,194,193,146,200,161,487,480,528,377,511,500,468,479,472,457,397,145,139,146,508,458,1064,1007,1187,1159,1147,1131,2420,1643,4614,2581,29978,29977,29983,29984,29984,29985,29985,29986,29987,29988]} 1. d4 Nf6 2. Nf3 g6 3. g3 Bg7 4. Bg2 O-O 5. O-O d5 6. c4 c6 7. cxd5 cxd5 8. Ne5 e6 9. Nc3 Nfd7 10. Nxd7 Bxd7 11. Be3 {D79: Fianchetto Grünfeld: Symmetrical Variation (6 0-0 c6 7 cxd5 cxd5)} (11. b3 Nc6 12. e3 Qa5 13. Bd2 Qa3 14. Bc1 Qe7 15. Qd2 Rfc8 16. Bb2 Qb4 17. Rfd1 Ne7 18. Rac1 Bf8 19. Bf1 Nf5 20. Bd3 Nd6 21. Qe2 a5 22. e4 dxe4 23. Nxe4 Nxe4 24. Bxe4 Bg7 25. Qf3 Rxc1 26. Rxc1 Rc8 {½-½ (26) Baklan,V (2604)-Kovchan,A (2567) Debrecen 2019}) 11... Nc6 12. Qd2 Rc8 13. Rfd1 {The position is equal.} Re8 $146 ({Predecessor:} 13... Na5 14. b3 Nc6 {½-½ (14) Hort,V-Stein,L Hastings 1968}) 14. Rac1 a6 15. b3 b5 16. h4 h5 17. Bg5 Qa5 18. e3 Qa3 19. Nb1 Qa5 20. Qxa5 Nxa5 21. Bf4 Bf8 22. e4 dxe4 23. Bxe4 Bc6 24. Nd2 Ba3 $36 {[%mdl 2048] Black fights for an advantage.} 25. Rb1 {Threatening b4.} f5 26. Bxc6 Nxc6 27. Nf3 Ne7 28. Ne5 Kg7 29. b4 (29. Bc1 $11 Bb4 30. Bg5) 29... Nd5 $15 30. Bd2 Rc2 31. Rb3 Bb2 ({Black should try} 31... Rxa2 $17 {Hoping for ...Rc8.} 32. Nd3 Rc8) 32. Nf3 $11 Rec8 {[#]} (32... Bc3 $1 $11 {remains equal.}) 33. Ne1 $1 $16 Bxd4 34. Nxc2 Rxc2 35. a3 (35. Ra3 {is more complex.} Rc6 36. Bg5 e5 37. Be3 Nc3 38. Rd3) 35... Ra2 {[#]} 36. Bh6+ $1 {[%mdl 576] Discovered Attack} Kxh6 37. Rxd4 {[%mdl 4096] Endgame KRR-KRN} Kg7 38. Rd1 Rc2 39. Rbd3 Kf6 40. R1d2 Rc1+ 41. Kg2 Ke5 42. Re2+ Kd6 43. Ra2 Rc4 44. Rdd2 e5 $2 (44... f4 $16 {was called for.}) 45. Rac2 e4 (45... Ke6 $142 46. Kf1 Kd6) 46. Kf1 (46. Rxc4 $142 bxc4 47. Rd4) 46... Ke5 $18 {...e3 would now be nice for Black.} 47. Ke2 Nc3+ {[#]} (47... f4 $16 {keeps fighting.}) 48. Ke1 $1 Rc6 $2 (48... Nb1) 49. Rd8 Ke6 50. Re8+ Kd5 {intending ...Kc4.} 51. Kd2 Nb1+ 52. Kc1 Rxc2+ 53. Kxc2 Nxa3+ {KR-KN} 54. Kb3 $2 (54. Kc3 $18 {is the precise move to win.}) 54... Nc4 $16 55. Ra8 e3 $2 {[%mdl 8192]} (55... Kd4 $16 {is a better chance.}) 56. fxe3 $18 Nxe3 (56... Ke4 $142 57. Rxa6 Kxe3 58. Rxg6 Kf3) 57. Rxa6 Ke4 58. Rxg6 Kf3 59. Rg5 Kg2 60. Kc3 Kf3 61. Kd4 Ng4 62. Rxf5+ {White mates.} Kxg3 63. Rxh5 Kf4 64. Rxb5 Nf6 65. h5 Nd7 66. h6 {Accuracy: White = 59%, Black = 26%.} 1-0

[Event "RUS-ch Men Blitz 2019"]
[Site "Sochi"]
[Date "2019.10.17"]
[Round "5.31"]
[White "Dashko, Andrey"]
[Black "Potapov, Pavel"]
[Result "0-1"]
[WhiteElo "2219"]
[BlackElo "2489"]
[Annotator "TA"]
[PlyCount "74"]
[EventDate "2019.10.17"]
[EventType "swiss"]
[EventCountry "RUS"]
[SourceTitle "playchess.com"]
[Source "ChessBase"]
[SourceQuality "1"]

{[%evp 12,74,28,19,21,-8,31,35,37,46,31,43,53,38,38,38,32,38,38,35,36,34,33,-11,-6,-4,0,0,0,0,0,0,0,0,0,0,0,0,0,0,0,0,0,0,0,0,0,0,42,-39,-39,-68,-35,-115,-110,-126,-76,-76,-72,-184,-199,-193,-191,-29993,-29994]} 1. e4 c5 2. Nf3 Nc6 3. d4 cxd4 4. Nxd4 e5 5. Nb5 d6 6. c4 Be7 7. Be3 Nf6 {B32: Sicilian: Löwenthal and Kalashnikov Variations} 8. N5c3 (8. f3 O-O 9. N1c3 a6 10. Na3 Be6 11. Be2 Rc8 12. O-O Nd4 13. Bd3 Qb6 14. Qd2 Nh5 15. Rf2 {0-1 (45) Indjic,A (2547)-Kovalenko,I (2667) Warsaw 2016}) 8... O-O 9. Be2 Be6 {White is slightly better.} 10. O-O Rc8 11. Qd2 Nd7 $146 ({Predecessor:} 11... h6 12. Rd1 a6 13. f3 Nh5 14. g3 f5 15. exf5 Rxf5 {0-1 (36) Nithander,V (2433)-Johansson,M (2361) Sweden 2007}) 12. Nd5 Bxd5 13. exd5 Nd4 14. Bxd4 exd4 15. Qxd4 Bf6 16. Qd2 Re8 17. Nc3 Bxc3 18. bxc3 Nc5 19. Rfe1 Rc7 20. g3 Rce7 21. Bf3 h6 22. Rxe7 Qxe7 23. h4 Qe5 24. Kg2 b6 25. Qd4 Kf8 26. Rd1 Qf5 27. Rd2 Re1 28. Rd1 Rxd1 29. Qxd1 Qd3 30. Qc1 ({White should play} 30. Qxd3 $14 Nxd3 31. Bd1) 30... Qxc4 $15 31. Qa3 a6 32. Qb2 ({White should try} 32. Qc1 $15) 32... b5 $17 33. Qd2 Nd7 34. Be2 Qc5 35. f4 {[#]} (35. h5 $17 {was worth a try.}) 35... Nb6 $1 $19 36. Bf3 Nc4 37. Kh3 $2 (37. Qd4 $19) 37... Nxd2 {Accuracy: White = 45%, Black = 71%.} 0-1

[Event "RUS-ch Men Blitz 2019"]
[Site "Sochi"]
[Date "2019.10.17"]
[Round "6.1"]
[White "Ponkratov, Pavel"]
[Black "Drygalov, Andrey"]
[Result "0-1"]
[WhiteElo "2621"]
[BlackElo "2484"]
[Annotator "TA"]
[PlyCount "56"]
[EventDate "2019.10.17"]
[EventType "swiss"]
[EventCountry "RUS"]
[SourceTitle "playchess.com"]
[Source "ChessBase"]
[SourceQuality "1"]

{[%evp 9,140,-4,46,49,49,53,41,49,45,3,8,-33,-20,-38,-17,-26,-25,-30,-41,-78,-83,-93,-82,-112,-56,-62,-66,-65,-52,-64,-47,-82,-65,-93,-30,-45,28,42,31,-70,-18,-154,-152,-147,-150,-190,-210,-257,-219,-622,-259,-436,-423,-676,-670,-1221,-1197,-2802,-1405,-2601,-2383,-29983,-855,-864,-245,-225,-166,-212,-122,-1019,-974,-975,-991,-870,-810,-793,-606,-606,-599,-563,-519,-724,-452,-542,-556,-650,-638,-633,-602,-598,-595,-670,-672,-664,-656,-797,-789,-846,-840,-1177,-1076,-1171,-1196,-1277,-1216,-2064,-2038,-6958,-6581,-2674,-1200,-1107,-1024,-3016,-2699,-5160,-3202,-4943,-4846,-5060,-4682,-29985,-29974,-29980,-29978,-29981,-29978,-29985,-29986,-29989,-29974,-4943,-2841]} 1. c4 Nf6 2. Nc3 e5 3. e3 Nc6 4. g4 h6 5. Bg2 Nb4 $146 ({Predecessor:} 5... Bb4 6. h3 Bxc3 7. bxc3 e4 8. f3 Qe7 9. Qc2 exf3 10. Nxf3 d6 11. d3 Ne5 12. Nxe5 dxe5 {½-½ (36) Xiong,J (2691)-Le,Q (2713) Philadelphia 2019}) 6. d4 {A25: English Opening vs King's Indian with ...Nc6 but without early d3} exd4 7. exd4 d5 8. a3 {White is slightly better.} Nc6 ({Of course not} 8... Bxg4 $6 9. f3 $16) 9. cxd5 Ne7 $1 10. Qb3 Nxg4 11. Nf3 Nf5 12. O-O Be7 13. h3 Nf6 14. Bf4 O-O 15. Qc4 Bd6 16. Ne5 Nh4 (16... Nh5 $17 17. Bd2 Nh4) 17. Bg3 $15 Nxg2 18. Kxg2 Bf5 19. Rae1 a6 20. Qb3 Qc8 21. Rh1 Kh7 ({Black should try} 21... a5 $17) 22. Nc4 Rd8 (22... Re8 $15 23. Rxe8 Nxe8) 23. Bxd6 $11 cxd6 24. Re7 (24. Nb6 $14 Qc7 25. Nxa8 Rxa8 26. Re3) 24... Bg6 ({Black should play} 24... Nh5 $15 25. Ne3 (25. Rxf7 Rf8 $17) 25... Bg6) 25. Ne3 (25. Nb6 $11 {was the only way to keep the balance.} Qf5 26. Nxa8 Qg5+ 27. Kf1 Qc1+ 28. Re1 Bd3+ 29. Kg2 Qg5+ 30. Kh2) 25... Rd7 $17 26. Rxd7 Qxd7 27. Ne2 Nh5 28. Rc1 Qe7 {Played: Ra8-e8} 0-1

[Event "RUS-ch Men Blitz 2019"]
[Site "Sochi"]
[Date "2019.10.17"]
[Round "6.2"]
[White "Sakaev, Konstantin"]
[Black "Grachev, Boris"]
[Result "1/2-1/2"]
[WhiteElo "2595"]
[BlackElo "2621"]
[Annotator "TA"]
[PlyCount "27"]
[EventDate "2019.10.17"]
[EventType "swiss"]
[EventCountry "RUS"]
[SourceTitle "playchess.com"]
[Source "ChessBase"]
[SourceQuality "1"]

{[%evp 19,27,13,19,16,18,5,5,0,0,8]} 1. d4 d5 2. c4 e6 3. Nc3 Nf6 4. cxd5 exd5 5. Bg5 c6 6. Qc2 Bd6 7. e3 O-O 8. Bd3 h6 9. Bh4 Re8 10. Nge2 Nbd7 {The position is equal.} 11. Bg3 {D36: Queen's Gambit Declined: Exchange Variation: Main line (5 Bg5 c6 6 Qc2)} (11. g4 Nf8 12. h3 b5 13. Rg1 Ne6 14. f4 Bxf4 15. Bh7+ Kh8 16. exf4 Nxd4 17. Qd3 Nxe2 18. Nxe2 Qa5+ {0-1 (45) Mamedyarov,S (2809)-Kramnik,V (2800) Moscow 2018}) 11... Nf8 12. Bxd6 Qxd6 13. h3 $146 ({Predecessor:} 13. Ng3 Ne6 14. O-O Ng4 15. Rfe1 Bd7 16. f3 Nf6 17. Nf5 Qf8 18. Qf2 c5 {½-½ (56) Koziol,K (2216)-Michalski,F (2030) Karpacz 2015}) 13... Bd7 14. O-O 1/2-1/2

[Event "RUS-ch Men Blitz 2019"]
[Site "Sochi"]
[Date "2019.10.17"]
[Round "6.3"]
[White "Khegay, Dmitriy"]
[Black "Rublevsky, Sergei"]
[Result "1-0"]
[WhiteElo "2509"]
[BlackElo "2651"]
[Annotator "TA"]
[PlyCount "82"]
[EventDate "2019.10.17"]
[EventType "swiss"]
[EventCountry "RUS"]
[SourceTitle "playchess.com"]
[Source "ChessBase"]
[SourceQuality "1"]

{[%evp 18,82,7,7,15,4,18,-5,-16,-7,-6,-30,-55,-62,-34,-45,-43,-40,0,-10,-8,-7,-5,-14,-16,-29,-35,-53,-56,-325,-329,-337,-338,-347,-329,-330,-263,-370,-340,-325,-306,-283,-240,-258,-258,-278,-293,-308,-259,-298,-295,-382,-327,-383,-317,-381,-391,-390,-393,-402,-400,-400,-385,-484,-473,-789,-782]} 1. e4 c5 2. Nf3 e6 3. c3 Nf6 4. e5 Nd5 5. g3 d6 6. exd6 Bxd6 7. Bg2 Nc6 8. O-O O-O 9. d4 cxd4 10. Nxd4 Bd7 {B22: Sicilian: 2 c3} 11. c4 Nde7 (11... Nf6 12. Nc3 Nxd4 13. Qxd4 Qc7 14. Nb5 Bxb5 15. cxb5 Bc5 16. Bf4 Qb6 17. Qc4 Rac8 18. Qe2 Bd4 19. a4 Rc5 20. Rad1 e5 21. b4 exf4 22. bxc5 Bxc5 {½-½ (45) Kamsky,G (2666)-Potkin,V (2597) St Petersburg 2018}) 12. Nc3 Nxd4 {The position is equal.} 13. Qxd4 Bc6 14. Nb5 $146 ({Predecessor:} 14. Ne4 Nf5 15. Qc3 Bc7 16. Be3 Nxe3 17. Qxe3 Be5 18. Rfd1 {½-½ (31) Keller,M (2214)-Henrichs,T (2439) Bad Woerishofen 2003}) 14... Nf5 15. Qd3 Bxg2 16. Kxg2 Bc5 17. Qe4 Qb6 18. Bf4 Rac8 19. b3 a6 $36 {[%mdl 2048] White is under pressure.} 20. Nc3 Qa5 21. Rac1 b5 22. cxb5 Ba3 23. Ne2 $2 {[%mdl 8192] [#]} (23. b4 $15 Bxb4 24. Nd5 Rxc1 25. Rxc1) 23... Bxc1 $19 (23... Qxb5 24. Rxc8 Rxc8 25. Rd1 $11) 24. Rxc1 Rxc1 ({Don't do} 24... axb5 25. Rxc8 Rxc8 26. Qb7 $19) ({Less strong is} 24... Qxa2 25. Rxc8 Rxc8 {[#]} 26. Qb7 $1 $15 {[%mdl 512]}) (24... Qxb5 25. h4 $19) 25. Bxc1 axb5 ({Much less strong is} 25... Qxa2 26. bxa6 Qxa6 27. Bf4) 26. a3 Qa8 27. Kf3 (27. Qxa8 {is a better defense.} Rxa8 28. g4) 27... h5 28. Qxa8 Rxa8 {[%mdl 4096] Endgame KRN-KBN} 29. Ke4 Kf8 30. Bb2 Ke7 31. Kd3 g5 32. Nc3 Nd6 33. a4 bxa4 34. bxa4 Kd7 35. Ba3 f5 36. Bc1 g4 37. Bf4 Nf7 38. Kc4 e5 39. Be3 Kc6 40. Kb4 Rb8+ 41. Nb5 (41. Kc4 $142 Nd6+ 42. Kd3) 41... Nd6 {[%mdl 32768] Accuracy: White = 27%, Black = 76%. . Loss on time!?} 1-0